LIBRARY & INFORMATION CENTRE, KCAET, TAVANUR

ONLINE PUBLIC ACCESS CATALOGUE (OPAC)

Pageant of life / (Record no. 12525)

MARC details
000 -LEADER
fixed length control field 00353cam a2200145ua 4500
041 ## - LANGUAGE CODE
Language code of text/sound track or separate title eng
082 ## - DEWEY DECIMAL CLASSIFICATION NUMBER
Classification number 824
Item number KHE/PA
100 ## - MAIN ENTRY--AUTHOR NAME
Personal name Kher, B.G .
245 ## - TITLE STATEMENT
Title Pageant of life /
260 ## - PUBLICATION, DISTRIBUTION, ETC. (IMPRINT)
Place of publication Ahmadabad :
Name of publisher Navajivan publishing house ,
Year of publication 1959.
300 ## - PHYSICAL DESCRIPTION
Number of Pages 306 ; .
942 ## - ADDED ENTRY ELEMENTS (KOHA)
Koha item type Books
Holdings
Withdrawn status Lost status Damaged status Home library Current library Date acquired Full call number Accession Number Koha item type
Withdrawn     KAUAET Sanskrit University 07/04/2012 824 2442 Books
free website counter